[Event "WYCC Open U18"]
[Site "Porto Carras"]
[Date "2015.10.27"]
[Round "3.11"]
[White "Harutyunian, Tigran K."]
[Black "Daskalov, Dimitar"]
[Result "1/2-1/2"]
[BlackElo "2338"]
[WhiteElo "2459"]
[LiveChessVersion "1.4.6"]

1. c4 {[%clk 1:30:53]} e6 {[%clk 1:30:39]} 2. Nf3 {[%clk 1:29:46]} f5
{[%clk 1:28:33]} 3. g3 {[%clk 1:29:16]} Nf6 {[%clk 1:28:51]} 4. Bg2
{[%clk 1:29:38]} c6 {[%clk 1:28:02]} 5. O-O {[%clk 1:28:45]} d5 {[%clk 1:28:22]}
6. d3 {[%clk 1:28:42]} Bd6 {[%clk 1:27:54]} 7. Nc3 {[%clk 1:28:39]} O-O
{[%clk 1:26:57]} 8. e4 {[%clk 1:27:45]} Bc7 {[%clk 1:17:16]} 9. cxd5
{[%clk 1:17:11]} cxd5 {[%clk 1:16:32]} 10. exf5 {[%clk 1:15:52]} exf5
{[%clk 1:13:34]} 11. Qb3 {[%clk 1:12:34]} Nc6 {[%clk 1:10:41]} 12. Bg5
{[%clk 1:08:54]} Na5 {[%clk 0:55:59]} 13. Qc2 {[%clk 1:07:08]} Nc6
{[%clk 0:51:17]} 14. Rfe1 {[%clk 0:59:49]} h6 {[%clk 0:46:19]} 15. Bxf6
{[%clk 0:59:29]} Rxf6 {[%clk 0:46:37]} 16. Qb3 {[%clk 0:58:49]} Be6
{[%clk 0:43:35]} 17. Nh4 {[%clk 0:39:07]} Na5 {[%clk 0:33:22]} 18. Qc2
{[%clk 0:38:14]} Bf7 {[%clk 0:30:50]} 19. Nxd5 {[%clk 0:38:20]} Bxd5
{[%clk 0:27:49]} 20. Bxd5+ {[%clk 0:38:39]} Qxd5 {[%clk 0:28:06]} 21. Qxc7
{[%clk 0:39:04]} Nc6 {[%clk 0:28:13]} 22. Qxb7 {[%clk 0:32:11]} Rb8
{[%clk 0:28:34]} 23. Qc7 {[%clk 0:32:36]} Rf7 {[%clk 0:19:53]} 24. Qf4
{[%clk 0:32:53]} Rxb2 {[%clk 0:19:35]} 25. Qf3 {[%clk 0:24:39]} Qxf3
{[%clk 0:16:32]} 26. Nxf3 {[%clk 0:24:50]} Rd7 {[%clk 0:15:21]} 27. Re3
{[%clk 0:21:41]} Nb4 {[%clk 0:10:52]} 28. d4 {[%clk 0:15:17]} Rxa2
{[%clk 0:10:15]} 29. Rxa2 {[%clk 0:13:00]} Nxa2 {[%clk 0:10:40]} 30. Re8+
{[%clk 0:12:56]} Kh7 {[%clk 0:10:50]} 31. h4 {[%clk 0:12:57]} Nb4
{[%clk 0:06:26]} 32. Rf8 {[%clk 0:08:50]} Nc6 {[%clk 0:05:10]} 33. h5
{[%clk 0:08:19]} Rd8 {[%clk 0:05:12]} 34. Rf7 {[%clk 0:07:47]} Nxd4
{[%clk 0:04:48]} 35. Nh4 {[%clk 0:07:59]} a5 {[%clk 0:04:45]} 36. Ra7
{[%clk 0:08:03]} f4 {[%clk 0:02:59]} 37. Rxa5 {[%clk 0:06:36]} fxg3
{[%clk 0:03:13]} 38. fxg3 {[%clk 0:07:02]} Nc6 {[%clk 0:03:23]} 39. Ra6
{[%clk 0:07:00]} Ne5 {[%clk 0:02:11]} 1/2-1/2

[Event "WYCC Open U18"]
[Site "Porto Carras"]
[Date "2015.10.27"]
[Round "3.12"]
[White "Khodashenas, Mersad"]
[Black "Tan, Justin"]
[Result "1-0"]
[BlackElo "2445"]
[WhiteElo "2350"]
[LiveChessVersion "1.4.6"]

1. e4 {[%clk 1:30:58]} c5 {[%clk 1:30:12]} 2. Nf3 {[%clk 1:31:21]} Nc6
{[%clk 1:30:38]} 3. d4 {[%clk 1:31:44]} cxd4 {[%clk 1:31:04]} 4. Nxd4
{[%clk 1:32:08]} Qb6 {[%clk 1:31:13]} 5. Nb3 {[%clk 1:32:01]} Nf6
{[%clk 1:31:37]} 6. Nc3 {[%clk 1:32:22]} e6 {[%clk 1:32:03]} 7. Bd3
{[%clk 1:32:40]} a6 {[%clk 1:32:20]} 8. O-O {[%clk 1:31:06]} Be7 {[%clk 1:31:49]}
9. Qe2 {[%clk 1:30:37]} d6 {[%clk 1:31:01]} 10. Bd2 {[%clk 1:27:23]} Qc7
{[%clk 1:24:00]} 11. f4 {[%clk 1:17:23]} b5 {[%clk 1:23:49]} 12. a3
{[%clk 1:16:31]} h5 {[%clk 1:14:46]} 13. Rae1 {[%clk 1:10:19]} Ng4
{[%clk 1:07:18]} 14. g3 {[%clk 1:04:13]} Bb7 {[%clk 1:05:44]} 15. h3
{[%clk 0:59:57]} Qb6+ {[%clk 1:03:06]} 16. Kg2 {[%clk 0:58:16]} Nf6
{[%clk 1:02:44]} 17. Be3 {[%clk 0:45:37]} Qd8 {[%clk 0:57:31]} 18. Nd4
{[%clk 0:43:23]} Rc8 {[%clk 0:55:16]} 19. Nxc6 {[%clk 0:40:46]} Bxc6
{[%clk 0:48:03]} 20. Bd4 {[%clk 0:40:49]} d5 {[%clk 0:41:58]} 21. e5
{[%clk 0:33:30]} Ne4 {[%clk 0:40:41]} 22. f5 {[%clk 0:24:36]} exf5
{[%clk 0:22:03]} 23. Rxf5 {[%clk 0:24:19]} g6 {[%clk 0:22:25]} 24. Rf4
{[%clk 0:17:57]} Bg5 {[%clk 0:21:50]} 25. Rf3 {[%clk 0:08:37]} O-O
{[%clk 0:21:44]} 26. Kh2 {[%clk 0:06:35]} Qd7 {[%clk 0:21:26]} 27. Qg2
{[%clk 0:05:56]} Bh6 {[%clk 0:20:26]} 28. Rd1 {[%clk 0:00:56]} Qe7
{[%clk 0:17:23]} 29. Rff1 {[%clk 0:00:51]} Ng5 {[%clk 0:16:02]} 30. Ne2
{[%clk 0:00:34]} Bg7 {[%clk 0:08:27]} 31. Nf4 {[%clk 0:00:56]} Rfe8
{[%clk 0:07:08]} 32. Rde1 {[%clk 0:00:46]} Qc7 {[%clk 0:06:45]} 33. h4
{[%clk 0:00:32]} Ne6 {[%clk 0:04:12]} 34. c3 {[%clk 0:00:41]} Qd7
{[%clk 0:03:29]} 35. Qf3 {[%clk 0:00:32]} Re7 {[%clk 0:01:40]} 36. Re2
{[%clk 0:00:38]} Rce8 {[%clk 0:01:17]} 37. Ref2 {[%clk 0:00:46]} Nf8
{[%clk 0:00:55]} 38. Nxh5 {[%clk 0:00:54]} gxh5 {[%clk 0:01:00]} 39. Qxh5
{[%clk 0:01:23]} Qe6 {[%clk 0:00:47]} 40. Rf6 {[%clk 0:30:41]} Qd7
{[%clk 0:30:34]} 41. e6 {[%clk 0:27:00]} Qxe6 {[%clk 0:22:24]} 42. Rxe6
{[%clk 0:25:46]} fxe6 {[%clk 0:22:53]} 43. Bc5 {[%clk 0:25:07]} e5
{[%clk 0:22:35]} 44. Rxf8+ {[%clk 0:21:11]} Kxf8 {[%clk 0:22:34]} 45. Bh7
{[%clk 0:21:22]} 1-0

[Event "WYCC Open U18"]
[Site "Porto Carras"]
[Date "2015.10.27"]
[Round "3.13"]
[White "Tutisani, Noe"]
[Black "Korpa, Bence"]
[Result "1-0"]
[BlackElo "2430"]
[WhiteElo "2335"]
[LiveChessVersion "1.4.6"]

1. e4 {[%clk 1:30:56]} e5 {[%clk 1:30:51]} 2. Nf3 {[%clk 1:31:19]} Nc6
{[%clk 1:31:15]} 3. Bb5 {[%clk 1:31:43]} Nf6 {[%clk 1:31:39]} 4. O-O
{[%clk 1:32:06]} Nxe4 {[%clk 1:32:04]} 5. d4 {[%clk 1:32:31]} Nd6
{[%clk 1:32:24]} 6. Bxc6 {[%clk 1:32:37]} dxc6 {[%clk 1:32:47]} 7. dxe5
{[%clk 1:33:03]} Nf5 {[%clk 1:33:10]} 8. Qxd8+ {[%clk 1:33:27]} Kxd8
{[%clk 1:33:36]} 9. h3 {[%clk 1:33:47]} Ke8 {[%clk 1:33:20]} 10. b3
{[%clk 1:32:46]} a5 {[%clk 1:31:13]} 11. Nc3 {[%clk 1:32:12]} Bb4
{[%clk 1:30:18]} 12. Ne4 {[%clk 1:30:51]} h5 {[%clk 1:27:13]} 13. Bg5
{[%clk 1:28:23]} Be6 {[%clk 1:13:49]} 14. a3 {[%clk 1:28:05]} Be7
{[%clk 1:13:55]} 15. Bxe7 {[%clk 1:27:26]} Kxe7 {[%clk 1:13:58]} 16. Neg5
{[%clk 1:25:35]} c5 {[%clk 0:59:56]} 17. Nxe6 {[%clk 1:24:42]} Kxe6
{[%clk 1:00:20]} 18. Ng5+ {[%clk 1:20:50]} Ke7 {[%clk 0:59:34]} 19. Ne4
{[%clk 1:20:00]} b6 {[%clk 0:55:05]} 20. c3 {[%clk 1:20:22]} a4 {[%clk 0:35:14]}
21. b4 {[%clk 1:20:33]} cxb4 {[%clk 0:35:39]} 22. cxb4 {[%clk 1:20:59]} Nd4
{[%clk 0:35:59]} 23. Kh2 {[%clk 1:20:51]} Rhd8 {[%clk 0:26:29]} 24. f4
{[%clk 1:20:52]} g6 {[%clk 0:25:20]} 25. Rac1 {[%clk 1:20:53]} Nb5
{[%clk 0:23:17]} 26. Rf3 {[%clk 1:21:20]} Rd7 {[%clk 0:18:23]} 27. Rcf1
{[%clk 1:19:39]} Rad8 {[%clk 0:16:44]} 28. f5 {[%clk 1:19:51]} Nd4
{[%clk 0:13:38]} 29. f6+ {[%clk 1:17:40]} Kf8 {[%clk 0:08:16]} 30. Re3
{[%clk 1:16:01]} Re8 {[%clk 0:05:20]} 31. Ng5 {[%clk 1:15:51]} Ne6
{[%clk 0:05:41]} 32. Nxe6+ {[%clk 1:15:43]} Rxe6 {[%clk 0:05:59]} 33. Rc1
{[%clk 1:15:38]} Ke8 {[%clk 0:04:01]} 34. g4 {[%clk 1:15:27]} hxg4
{[%clk 0:03:33]} 35. hxg4 {[%clk 1:15:53]} Kd8 {[%clk 0:03:58]} 36. Kg3
{[%clk 1:16:12]} g5 {[%clk 0:02:27]} 37. Rf1 {[%clk 1:13:50]} Re8
{[%clk 0:01:03]} 38. Rf5 {[%clk 1:14:14]} Rg8 {[%clk 0:01:27]} 39. e6
{[%clk 1:14:13]} fxe6 {[%clk 0:01:45]} 40. Rxe6 {[%clk 1:44:40]} Rd3+
{[%clk 0:32:02]} 41. Kf2 {[%clk 1:43:44]} Rf8 {[%clk 0:25:42]} 42. Rxg5
{[%clk 1:42:17]} Kd7 {[%clk 0:23:23]} 43. Rge5 {[%clk 1:42:40]} Rxa3
{[%clk 0:23:39]} 44. g5 {[%clk 1:41:40]} Rd3 {[%clk 0:21:12]} 45. Re7+
{[%clk 1:39:20]} Kc6 {[%clk 0:16:08]} 46. b5+ {[%clk 1:39:46]} Kb7
{[%clk 0:16:31]} 47. Re8 {[%clk 1:40:12]} Rxe8 {[%clk 0:01:14]} 48. Rxe8
{[%clk 1:40:38]} Rd5 {[%clk 0:01:31]} 49. g6 {[%clk 1:41:02]} 1-0

[Event "WYCC Open U18"]
[Site "Porto Carras"]
[Date "2015.10.27"]
[Round "3.14"]
[White "Viennot, Dylan"]
[Black "Iovcov, Valerii"]
[Result "0-1"]
[BlackElo "2421"]
[WhiteElo "2279"]
[LiveChessVersion "1.4.6"]

1. e4 {[%clk 1:30:57]} e5 {[%clk 1:30:54]} 2. Bc4 {[%clk 1:24:18]} Nf6
{[%clk 1:31:14]} 3. d3 {[%clk 1:24:41]} Nc6 {[%clk 1:31:17]} 4. Nf3
{[%clk 1:18:07]} Bc5 {[%clk 1:31:40]} 5. O-O {[%clk 1:15:35]} a6 {[%clk 1:28:18]}
6. c3 {[%clk 1:10:03]} Ba7 {[%clk 1:28:02]} 7. Bg5 {[%clk 1:05:36]} h6
{[%clk 1:26:39]} 8. Bh4 {[%clk 1:05:48]} d6 {[%clk 1:22:16]} 9. a4
{[%clk 1:03:31]} g5 {[%clk 1:13:28]} 10. Bg3 {[%clk 1:03:03]} Qe7
{[%clk 1:09:22]} 11. Nbd2 {[%clk 1:01:54]} Bg4 {[%clk 1:03:05]} 12. b4
{[%clk 0:58:39]} h5 {[%clk 0:51:19]} 13. h4 {[%clk 0:55:09]} Nd7 {[%clk 0:36:21]}
14. Qb1 {[%clk 0:51:33]} f6 {[%clk 0:30:52]} 15. b5 {[%clk 0:51:29]} Nd8
{[%clk 0:29:14]} 16. d4 {[%clk 0:38:11]} Ne6 {[%clk 0:26:30]} 17. bxa6
{[%clk 0:35:33]} bxa6 {[%clk 0:25:56]} 18. Qb7 {[%clk 0:34:43]} O-O
{[%clk 0:23:11]} 19. dxe5 {[%clk 0:31:52]} Nxe5 {[%clk 0:22:15]} 20. Bxe5
{[%clk 0:29:52]} dxe5 {[%clk 0:21:55]} 21. hxg5 {[%clk 0:29:16]} Kh8
{[%clk 0:20:45]} 22. Nh4 {[%clk 0:26:40]} Nf4 {[%clk 0:20:05]} 23. g6
{[%clk 0:20:11]} Qd7 {[%clk 0:11:19]} 24. Bd5 {[%clk 0:11:21]} Rfb8
{[%clk 0:04:18]} 25. Qc6 {[%clk 0:11:20]} Nxd5 {[%clk 0:04:43]} 26. Qxd7
{[%clk 0:11:14]} Bxd7 {[%clk 0:05:08]} 27. exd5 {[%clk 0:11:41]} Rb2
{[%clk 0:05:25]} 28. Ne4 {[%clk 0:11:17]} Kg7 {[%clk 0:05:46]} 29. Kh2
{[%clk 0:09:37]} f5 {[%clk 0:01:58]} 30. Ng3 {[%clk 0:09:16]} Bxf2
{[%clk 0:02:08]} 31. Nhxf5+ {[%clk 0:07:49]} Kxg6 {[%clk 0:01:07]} 32. Ne7+
{[%clk 0:03:42]} Kf7 {[%clk 0:01:34]} 33. Ne4 {[%clk 0:02:57]} Kxe7
{[%clk 0:02:00]} 34. Rxf2 {[%clk 0:03:09]} Rxf2 {[%clk 0:02:26]} 35. Nxf2
{[%clk 0:03:36]} Rf8 {[%clk 0:01:35]} 36. Ne4 {[%clk 0:02:30]} Rf4
{[%clk 0:02:01]} 37. Re1 {[%clk 0:01:19]} Bxa4 {[%clk 0:01:50]} 38. g3
{[%clk 0:00:50]} Rf5 {[%clk 0:00:53]} 39. c4 {[%clk 0:00:58]} Bc2
{[%clk 0:00:51]} 40. Nc5 {[%clk 0:31:00]} Kd6 {[%clk 0:30:34]} 41. Nxa6
{[%clk 0:26:19]} Bd3 {[%clk 0:18:38]} 42. Rc1 {[%clk 0:22:40]} Rf2+
{[%clk 0:13:50]} 43. Kg1 {[%clk 0:20:58]} Rb2 {[%clk 0:11:52]} 44. c5+
{[%clk 0:12:22]} Kd7 {[%clk 0:12:19]} 45. c6+ {[%clk 0:12:50]} Kd6
{[%clk 0:12:43]} 46. Nc5 {[%clk 0:13:16]} Bf5 {[%clk 0:06:38]} 47. Na4
{[%clk 0:12:59]} Rb3 {[%clk 0:02:59]} 48. Nc3 {[%clk 0:13:23]} Bd3
{[%clk 0:02:32]} 49. Kf2 {[%clk 0:06:26]} Bc4 {[%clk 0:01:49]} 50. Ne4+
{[%clk 0:06:03]} Kxd5 {[%clk 0:02:17]} 51. Nf6+ {[%clk 0:06:20]} Kd4
{[%clk 0:02:35]} 52. Nxh5 {[%clk 0:03:20]} Rb2+ {[%clk 0:03:02]} 53. Kg1
{[%clk 0:03:10]} Rb6 {[%clk 0:03:19]} 54. Rd1+ {[%clk 0:02:30]} Bd3
{[%clk 0:03:20]} 55. Rc1 {[%clk 0:02:42]} Bc4 {[%clk 0:03:04]} 56. Rd1+
{[%clk 0:03:08]} Ke3 {[%clk 0:02:31]} 57. Re1+ {[%clk 0:02:58]} Be2
{[%clk 0:02:12]} 58. Nf6 {[%clk 0:02:57]} Rxc6 {[%clk 0:02:33]} 59. Ng4+
{[%clk 0:01:21]} Kd2 {[%clk 0:02:58]} 60. Nxe5 {[%clk 0:01:42]} Rc5
{[%clk 0:03:11]} 61. Nd7 {[%clk 0:00:55]} Rd5 {[%clk 0:03:39]} 62. Nf6
{[%clk 0:00:38]} Rf5 {[%clk 0:03:52]} 63. Rxe2+ {[%clk 0:00:35]} Kxe2
{[%clk 0:04:17]} 64. Ne8 {[%clk 0:01:02]} c5 {[%clk 0:04:26]} 65. Nd6
{[%clk 0:01:03]} Rd5 {[%clk 0:04:52]} 66. Nb5 {[%clk 0:00:45]} Kd3
{[%clk 0:05:13]} 67. Kf2 {[%clk 0:00:52]} c4 {[%clk 0:05:40]} 68. Na3
{[%clk 0:01:11]} c3 {[%clk 0:06:00]} 69. g4 {[%clk 0:01:28]} Ra5 {[%clk 0:06:25]}
0-1

[Event "WYCC Open U18"]
[Site "Porto Carras"]
[Date "2015.10.27"]
[Round "3.15"]
[White "Marek, Matyas"]
[Black "Pomini, Aurelien"]
[Result "1-0"]
[BlackElo "2273"]
[WhiteElo "2398"]
[LiveChessVersion "1.4.6"]

1. e4 {[%clk 1:30:55]} c5 {[%clk 1:30:39]} 2. Nf3 {[%clk 1:31:21]} e6
{[%clk 1:31:00]} 3. d4 {[%clk 1:31:48]} cxd4 {[%clk 1:31:25]} 4. Nxd4
{[%clk 1:32:15]} a6 {[%clk 1:31:40]} 5. c4 {[%clk 1:32:39]} Nf6 {[%clk 1:30:54]}
6. Nc3 {[%clk 1:33:03]} Qc7 {[%clk 1:30:56]} 7. Be2 {[%clk 1:33:13]} Bb4
{[%clk 1:29:29]} 8. Nc2 {[%clk 1:33:24]} Bd6 {[%clk 1:16:39]} 9. Be3
{[%clk 1:26:18]} Nc6 {[%clk 1:10:09]} 10. Qd2 {[%clk 1:25:06]} O-O
{[%clk 1:02:43]} 11. f4 {[%clk 1:21:57]} e5 {[%clk 0:57:50]} 12. f5
{[%clk 1:20:09]} Nb4 {[%clk 0:54:45]} 13. a3 {[%clk 0:58:43]} Nxc2+
{[%clk 0:54:55]} 14. Qxc2 {[%clk 0:59:13]} b5 {[%clk 0:49:24]} 15. c5
{[%clk 0:50:18]} Bxc5 {[%clk 0:31:10]} 16. Nd5 {[%clk 0:49:32]} Nxd5
{[%clk 0:31:09]} 17. Qxc5 {[%clk 0:49:47]} Qxc5 {[%clk 0:31:33]} 18. Bxc5
{[%clk 0:50:13]} d6 {[%clk 0:31:49]} 19. Bxd6 {[%clk 0:46:54]} Rd8
{[%clk 0:32:12]} 20. Bxe5 {[%clk 0:41:59]} Re8 {[%clk 0:31:34]} 21. Bg3
{[%clk 0:39:51]} Rxe4 {[%clk 0:30:52]} 22. Kf2 {[%clk 0:38:41]} Bb7
{[%clk 0:26:05]} 23. Bf3 {[%clk 0:38:24]} Re7 {[%clk 0:25:31]} 24. Rhe1
{[%clk 0:28:58]} Rae8 {[%clk 0:21:16]} 25. Rxe7 {[%clk 0:26:26]} Rxe7
{[%clk 0:21:42]} 26. Re1 {[%clk 0:24:28]} Rxe1 {[%clk 0:21:15]} 27. Kxe1
{[%clk 0:24:57]} Bc6 {[%clk 0:17:47]} 28. Bd6 {[%clk 0:18:50]} f6
{[%clk 0:17:52]} 29. Kd2 {[%clk 0:18:01]} Kf7 {[%clk 0:16:28]} 30. Kd3
{[%clk 0:17:41]} Ne7 {[%clk 0:15:57]} 31. Bxc6 {[%clk 0:16:29]} Nxc6
{[%clk 0:16:21]} 32. Ke4 {[%clk 0:16:46]} Ke8 {[%clk 0:14:57]} 33. Kd5
{[%clk 0:13:56]} Na5 {[%clk 0:11:26]} 34. Bc5 {[%clk 0:03:36]} Nc4
{[%clk 0:05:42]} 35. Bd4 {[%clk 0:04:01]} Kd7 {[%clk 0:05:53]} 36. g4
{[%clk 0:04:19]} Nd2 {[%clk 0:05:08]} 37. h3 {[%clk 0:03:51]} Nf3
{[%clk 0:04:28]} 38. Bf2 {[%clk 0:03:21]} h6 {[%clk 0:02:12]} 39. Bc5
{[%clk 0:01:42]} Ng5 {[%clk 0:01:17]} 40. Bf8 {[%clk 0:30:34]} Nxh3
{[%clk 0:31:06]} 41. Bxg7 {[%clk 0:23:41]} h5 {[%clk 0:28:30]} 42. Bxf6
{[%clk 0:19:59]} hxg4 {[%clk 0:28:55]} 43. Ke4 {[%clk 0:18:22]} Ke8
{[%clk 0:23:31]} 44. Bh4 {[%clk 0:14:30]} Kf7 {[%clk 0:22:05]} 45. Ke5
{[%clk 0:14:05]} Ng1 {[%clk 0:18:53]} 46. Kf4 {[%clk 0:12:02]} Nf3
{[%clk 0:18:32]} 47. Bf2 {[%clk 0:11:03]} Kf6 {[%clk 0:17:22]} 48. Bb6
{[%clk 0:10:32]} Kf7 {[%clk 0:12:47]} 49. Ba5 {[%clk 0:08:18]} Nd4
{[%clk 0:10:33]} 50. Kxg4 {[%clk 0:07:46]} Nc6 {[%clk 0:10:49]} 51. Bc3
{[%clk 0:08:01]} a5 {[%clk 0:10:49]} 52. Kf4 {[%clk 0:07:00]} b4 {[%clk 0:10:42]}
53. axb4 {[%clk 0:07:22]} axb4 {[%clk 0:11:07]} 54. Be5 {[%clk 0:06:51]} Na5
{[%clk 0:09:57]} 55. Ke4 {[%clk 0:06:00]} Nc4 {[%clk 0:09:47]} 56. Bd4
{[%clk 0:05:47]} Nd2+ {[%clk 0:07:02]} 57. Kd5 {[%clk 0:05:59]} Nf3
{[%clk 0:06:46]} 58. f6 {[%clk 0:03:04]} Ne1 {[%clk 0:04:17]} 59. Kc4
{[%clk 0:02:37]} Nf3 {[%clk 0:04:44]} 60. b3 {[%clk 0:02:29]} 1-0

[Event "WYCC Open U18"]
[Site "Porto Carras"]
[Date "2015.10.27"]
[Round "3.16"]
[White "Huber, Martin Christian"]
[Black "Faizrakhmanov, Ramil"]
[Result "0-1"]
[BlackElo "2389"]
[WhiteElo "2312"]
[LiveChessVersion "1.4.6"]

1. Nf3 {[%clk 1:30:58]} d5 {[%clk 1:30:35]} 2. d4 {[%clk 1:31:14]} Nf6
{[%clk 1:30:39]} 3. c4 {[%clk 1:31:40]} e6 {[%clk 1:30:50]} 4. g3
{[%clk 1:31:46]} dxc4 {[%clk 1:27:25]} 5. Bg2 {[%clk 1:31:38]} Bb4+
{[%clk 1:27:32]} 6. Bd2 {[%clk 1:32:02]} a5 {[%clk 1:27:49]} 7. Qc2
{[%clk 1:32:12]} Bxd2+ {[%clk 1:27:46]} 8. Qxd2 {[%clk 1:32:32]} c6
{[%clk 1:27:39]} 9. a4 {[%clk 1:32:39]} Ne4 {[%clk 1:26:08]} 10. Qf4
{[%clk 1:32:38]} Nd6 {[%clk 1:24:01]} 11. Na3 {[%clk 1:31:59]} O-O
{[%clk 1:16:55]} 12. O-O {[%clk 1:28:06]} b5 {[%clk 1:15:41]} 13. Ne5
{[%clk 1:23:19]} Ra6 {[%clk 1:14:48]} 14. Rfc1 {[%clk 1:20:42]} Rb6
{[%clk 1:10:58]} 15. Qd2 {[%clk 1:13:37]} f6 {[%clk 1:05:17]} 16. Nf3
{[%clk 1:13:02]} Ba6 {[%clk 0:59:56]} 17. axb5 {[%clk 0:53:38]} cxb5
{[%clk 1:00:08]} 18. Qxa5 {[%clk 0:52:36]} c3 {[%clk 0:58:32]} 19. Qb4
{[%clk 0:48:56]} Nc6 {[%clk 0:54:15]} 20. Qb3 {[%clk 0:48:47]} b4
{[%clk 0:44:55]} 21. bxc3 {[%clk 0:35:10]} bxa3 {[%clk 0:43:50]} 22. Qxe6+
{[%clk 0:35:33]} Kh8 {[%clk 0:42:47]} 23. Rxa3 {[%clk 0:31:55]} Re8
{[%clk 0:40:56]} 24. Qh3 {[%clk 0:28:09]} Bxe2 {[%clk 0:40:17]} 25. Nh4
{[%clk 0:27:45]} Bd3 {[%clk 0:33:51]} 26. Ra4 {[%clk 0:21:53]} g5
{[%clk 0:28:29]} 27. Nf3 {[%clk 0:21:54]} Ne4 {[%clk 0:27:56]} 28. Raa1
{[%clk 0:13:13]} Rb2 {[%clk 0:25:21]} 29. Qh6 {[%clk 0:10:01]} Rxf2
{[%clk 0:18:33]} 30. Ne5 {[%clk 0:02:24]} Nxe5 {[%clk 0:15:40]} 31. Ra7
{[%clk 0:02:45]} Rxg2+ {[%clk 0:13:56]} 32. Kxg2 {[%clk 0:03:10]} Nd7
{[%clk 0:13:44]} 33. Qh3 {[%clk 0:02:31]} Qb6 {[%clk 0:12:20]} 34. Qxd7
{[%clk 0:00:42]} Qb2+ {[%clk 0:12:42]} 35. Kf3 {[%clk 0:00:32]} Qe2#
{[%clk 0:13:05]} 0-1

[Event "WYCC Open U18"]
[Site "Porto Carras"]
[Date "2015.10.27"]
[Round "3.17"]
[White "Cuellar, Diego"]
[Black "Papadopoulos, Georgios"]
[Result "1-0"]
[BlackElo "2264"]
[WhiteElo "2372"]
[LiveChessVersion "1.4.6"]

1. e4 {[%clk 1:30:58]} c5 {[%clk 1:27:08]} 2. Nf3 {[%clk 1:31:22]} d6
{[%clk 1:27:06]} 3. d4 {[%clk 1:31:46]} cxd4 {[%clk 1:27:31]} 4. Nxd4
{[%clk 1:32:11]} Nf6 {[%clk 1:27:48]} 5. Nc3 {[%clk 1:32:36]} a6 {[%clk 1:27:51]}
6. h3 {[%clk 1:32:50]} Qb6 {[%clk 1:27:34]} 7. g4 {[%clk 1:29:52]} Nc6
{[%clk 1:26:38]} 8. Nb3 {[%clk 1:28:26]} e6 {[%clk 1:26:29]} 9. Be3
{[%clk 1:25:18]} Qc7 {[%clk 1:26:40]} 10. g5 {[%clk 1:18:07]} Nd7
{[%clk 1:26:54]} 11. f4 {[%clk 1:11:45]} b5 {[%clk 1:25:10]} 12. Bg2
{[%clk 1:09:54]} Bb7 {[%clk 1:21:19]} 13. Qe2 {[%clk 1:07:00]} Rc8
{[%clk 1:14:44]} 14. O-O {[%clk 0:51:47]} Nb6 {[%clk 1:03:03]} 15. a4
{[%clk 0:45:52]} b4 {[%clk 0:54:35]} 16. a5 {[%clk 0:45:39]} Nxa5
{[%clk 0:48:34]} 17. Nxa5 {[%clk 0:44:01]} bxc3 {[%clk 0:48:25]} 18. Nxb7
{[%clk 0:43:12]} Qxb7 {[%clk 0:47:03]} 19. b3 {[%clk 0:41:08]} Be7
{[%clk 0:36:32]} 20. Rxa6 {[%clk 0:40:56]} Nd7 {[%clk 0:30:02]} 21. Ra7
{[%clk 0:38:35]} Qb8 {[%clk 0:20:46]} 22. Qa6 {[%clk 0:29:56]} Bd8
{[%clk 0:15:45]} 23. e5 {[%clk 0:22:07]} d5 {[%clk 0:12:37]} 24. Bxd5
{[%clk 0:21:33]} exd5 {[%clk 0:09:40]} 25. e6 {[%clk 0:21:58]} Nc5
{[%clk 0:03:30]} 26. exf7+ {[%clk 0:20:34]} Kf8 {[%clk 0:03:58]} 27. Bxc5+
{[%clk 0:20:09]} Rxc5 {[%clk 0:04:19]} 28. Qe6 {[%clk 0:19:32]} Bc7
{[%clk 0:02:44]} 29. Re1 {[%clk 0:19:49]} g6 {[%clk 0:02:15]} 30. Qe7+ 1-0